Central Library OPAC University of Rajshahi
Normal view MARC view

Entry Personal Name

Number of records used in: 2

001 - CONTROL NUMBER

  • control field: 6917

003 - CONTROL NUMBER IDENTIFIER

  • control field: BD-RjUL

005 - DATE AND TIME OF LATEST TRANSACTION

  • control field: 20230209100651.0

008 - FIXED-LENGTH DATA ELEMENTS

  • fixed length control field: 230209|| aca||aabn | a|a d

040 ## - CATALOGING SOURCE

  • Original cataloging agency: BD-RjUL
  • Transcribing agency: BD-RjUL

100 ## - HEADING--PERSONAL NAME

  • Personal name: Ihsan Elahi Zaheer
  • Dates associated with a name: May 31, 1945, March 30, 1987

670 ## - SOURCE DATA FOUND

  • Source citation: Work cat.: (BD-RjUL)81197: ইসলাম, মুখতারুল 6915, ইহসান ইলাহী যহীর :, ২০১৯